|
|
|
|
| LEADER |
00000cam a2200000 a 4500 |
| 001 |
vtls011611899 |
| 003 |
SK-MaSNL |
| 005 |
20260320142142.0 |
| 008 |
180122s2017 xr e f 000 0 cze |
| 020 |
|
|
|a 9788027102273 (brožované)
|
| 040 |
|
|
|a SNK
|b slo
|c SNK
|e rda
|
| 041 |
0 |
|
|a cze
|b eng
|
| 044 |
|
|
|a xr
|c CZ
|
| 072 |
|
7 |
|a 005
|x Manažment. Riadenie
|2 konspekt
|
| 080 |
|
|
|a 005
|2 2011
|
| 080 |
|
|
|a 331.101.38
|2 2011
|
| 080 |
|
|
|a (048.8)
|2 2011
|
| 080 |
|
|
|a 331.2
|2 2001
|
| 100 |
1 |
|
|a Urban, Jan,
|d 1953-
|4 aut
|9 1635259
|
| 245 |
1 |
0 |
|a Motivace a odměňování pracovníků
|b co musíte vědět, abyste ze svých spolupracovníků dostali to nejlepší
|c Jan Urban
|
| 250 |
|
|
|a První vydání
|
| 264 |
|
1 |
|a Praha
|b Grada Publishing, a.s.
|c 2017
|
| 300 |
|
|
|a 157 strán
|c 24 cm
|
| 336 |
|
|
|a text
|b txt
|2 rdacontent
|
| 337 |
|
|
|a bez média
|b n
|2 rdamedia
|
| 338 |
|
|
|a zväzok
|b nc
|2 rdacarrier
|
| 490 |
1 |
|
|a Manažer
|
| 504 |
|
|
|a Bibliografia na strane 156-157
|
| 546 |
|
|
|a Anglické resumé
|
| 650 |
0 |
7 |
|a manažment
|2 SNKPH
|9 922
|
| 650 |
0 |
7 |
|a manažérska komunikácia
|2 SNKPH
|9 4055
|
| 650 |
0 |
7 |
|a Management
|2 SNKPHeng
|9 265406
|
| 650 |
0 |
7 |
|a Communication in management
|2 SNKPHeng
|9 266180
|
| 650 |
0 |
7 |
|a riadiaca práca
|2 SNKPH
|9 925
|
| 650 |
0 |
7 |
|a psychológia riadenia
|2 SNKPH
|9 3710
|
| 650 |
0 |
7 |
|a pracovná motivácia
|2 SNKPH
|9 2341
|
| 650 |
0 |
7 |
|a Leadership
|2 SNKPHeng
|9 306520
|
| 650 |
0 |
7 |
|a Psychology of management
|2 SNKPHeng
|9 317580
|
| 650 |
0 |
7 |
|a Employee motivation
|2 SNKPHeng
|9 329793
|
| 650 |
0 |
7 |
|a odmeňovanie zamestnancov
|2 SNKPH
|9 377511
|
| 650 |
0 |
7 |
|a finančné odmeňovanie
|2 SNKPH
|9 425920
|
| 655 |
|
7 |
|a monografie
|2 SNKPH
|9 70139
|
| 655 |
|
7 |
|a Monographs
|2 SNKPHeng
|9 120675
|
| 830 |
|
0 |
|a Manažer
|9 397662
|
| 852 |
|
|
|a Štátna vedecká knižnica v Banskej Bystrici
|
| 919 |
|
|
|a 978-80-271-0227-3
|
| 999 |
|
|
|c 677149
|d 679079
|
| 952 |
|
|
|a SNK
|b SNK
|y VYP
|7 0
|p 17A1346187
|o snkIC 144054
|i snk2018/11556
|8 4
|g 7.53
|0 0
|1 0
|4 0
|d 2018-05-11
|l 1
|r 2026-03-09 12:17:52
|s 2026-02-28
|w 2026-02-23
|
| 952 |
|
|
|t snkURB 331.2
|a SNKUST
|b SNKUST
|y PREZ
|7 0
|p 17A1333477
|o snkIC 144054 D1
|i snk2018/14754
|8 4
|g 7.53
|0 0
|1 0
|4 0
|d 2018-05-14
|l 0
|r 2025-05-29 00:00:00
|w 2026-02-23
|